| 000 | 01025nam0a22003251 4500 | ||
|---|---|---|---|
| 001 | RU\NLR\A1SV\131914 | ||
| 005 | 20260406070940.0 | ||
| 035 | _a(NLR Aleph) 010554525 | ||
| 090 |
_a10352357 _c10352357 |
||
| 100 | _a20141128d1918 u y0rusy50 ca | ||
| 101 | 0 | _arus | |
| 102 | _aRU | ||
| 200 | 1 |
_aOrientalia _e[Стихи] _fМариэтта Шагинян |
|
| 205 |
_a4-е изд. _bдоп. |
||
| 210 |
_a[Ростов н/Д] _cбр. Унановы _d1918 |
||
| 215 |
_a80 с. _d23 см |
||
| 316 |
_aЭкз РНБ (40.21.7.547а) с автогр. авт. _540.21.7.547а |
||
| 620 | _dРостов-на-Дону | ||
| 700 | 1 |
_7ca _arus _aШагинян _bМ. С. _f1888-1982 _gМариэтта Сергеевна _910502 _3RU\NLR\AUTH\7727470 |
|
| 801 | 0 |
_aRU _bNLR _c20141128 |
|
| 852 |
_aNLR _j40.21.7.547 |
||
| 852 |
_aNLR _j40.21.7.547а |
||
| 852 |
_aNLR _jЛ30 В-6/6 |
||
| 852 |
_aNLR _jЛ30 В-6/6а |
||
| 899 | _aДГПБ | ||
| 899 | _aСамОУНБ | ||
| 942 | _cBOOK | ||
| 980 | _aNB | ||
| 980 | _aA1SV | ||